A textbook of clinical pharmacology and therapeutics (Record no. 18924)

MARC details
000 -LEADER
fixed length control field 00534nam a22001937a 4500
008 - FIXED-LENGTH DATA ELEMENTS--GENERAL INFORMATION
fixed length control field 210429b xxu||||| |||| 00| 0 eng d
020 ## - INTERNATIONAL STANDARD BOOK NUMBER
International Standard Book Number 0340900468
050 ## - LIBRARY OF CONGRESS CALL NUMBER
Classification number RM121
Item number .T49 2008 c.1
245 ## - TITLE STATEMENT
Title A textbook of clinical pharmacology and therapeutics
Statement of responsibility, etc. Ritter, James M. [et ... al.].
250 ## - EDITION STATEMENT
Edition statement 5th ed.
260 ## - PUBLICATION, DISTRIBUTION, ETC. (IMPRINT)
Place of publication, distribution, etc. London
Name of publisher, distributor, etc. CRC press
Date of publication, distribution, etc. 2008
300 ## - PHYSICAL DESCRIPTION
Extent 465p.
650 ## - SUBJECT ADDED ENTRY--TOPICAL TERM
Topical term or geographic name as entry element Pharmacology
650 ## - SUBJECT ADDED ENTRY--TOPICAL TERM
Topical term or geographic name as entry element Therapeutics
700 ## - ADDED ENTRY--PERSONAL NAME
Personal name Lionel D Lewis
700 ## - ADDED ENTRY--PERSONAL NAME
Personal name Albert Ferro
700 ## - ADDED ENTRY--PERSONAL NAME
Personal name Timothy GK Mant
942 ## - ADDED ENTRY ELEMENTS (KOHA)
Source of classification or shelving scheme Library of Congress Classification
Koha item type General Collection
Holdings
Withdrawn status Lost status Source of classification or shelving scheme Not for loan Home library Current library Date acquired Cost, normal purchase price Total Checkouts Total Renewals Full call number Barcode Date last seen Date last checked out Price effective from Koha item type Checked out
    Library of Congress Classification   Kabarak, Main Campus Kabarak, Main Campus 29/04/2021 6171.00 4 1 RM121 .T49 2008 c.1 032861 20/01/2025 15/01/2025 29/04/2021 General Collection  
    Library of Congress Classification   Kabarak, Main Campus Kabarak, Main Campus 29/04/2021 6171.00 2 1 RM121 .T49 2008 c.2 032862 02/03/2022 22/02/2022 29/04/2021 General Collection  
    Library of Congress Classification   Kabarak, Main Campus Kabarak, Main Campus 29/04/2021 6171.00     RM121 .T49 2008 c.3 032863 29/04/2021   29/04/2021 General Collection  
    Library of Congress Classification   Kabarak, Main Campus Kabarak, Main Campus 29/04/2021 6171.00 3 1 RM121 .T49 2008 c.4 032864 19/02/2026 19/02/2026 29/04/2021 General Collection 21/03/2026
    Library of Congress Classification   Kabarak, Main Campus Kabarak, Main Campus 29/04/2021 6171.00 4 1 RM121 .T49 2008 c.5 032865 15/01/2026 25/11/2025 29/04/2021 General Collection  
Designed with assistance from East African Informatics Ltd